[Event "GRE-chT 48th"]
[Site "Athens"]
[Date "2021.09.11"]
[Round "6.4"]
[White "Dermitzakis, Pavlos"]
[Black "Loutragotis, Paraskevas Pantelei"]
[Result "1-0"]
[WhiteElo "1776"]
[BlackElo "1894"]
[PlyCount "81"]
[EventDate "2021.09.07"]
[EventType "team-swiss"]
[EventRounds "7"]
[EventCountry "GRE"]
[SourceTitle "CBM 204 Extra"]
[Source "ChessBase"]
[SourceDate "2021.11.30"]
[SourceVersion "1"]
[SourceVersionDate "2021.11.30"]
[SourceQuality "1"]
[WhiteTeam "Peukees"]
[BlackTeam "Zeenon Glyfathas"]
[WhiteTeamCountry "GRE"]
[BlackTeamCountry "GRE"]

1. e4 c5 2. Nf3 d6 3. c3 Nf6 4. Be2 Bd7 5. d3 g6 6. 0-0 Bg7 7. Re1 Nc6 8. Nbd2 0-0 9. Nf1 b5 10. Ng3 b4 11. d4 bxc3 12. bxc3 cxd4 13. cxd4 Rc8 14. Ba6 Rb8 15. Bg5 Qa5 16. Bc4 Bg4 17. Bf4 Bxf3 18. gxf3 Qc3 19. Rc1 Qxd4 20. Bxf7+ Rxf7 21. Rxc6 Qxd1 22. Rxd1 Nxe4 23. Be3 Nxg3 24. hxg3 Rxf3 25. Rc7 Rf7 26. Rxa7 Bf8 27. a4 e6 28. Ra6 Rfb7 29. a5 Kf7 30. Rc6 Ke8 31. a6 Kd7 32. Rdc1 Rb1 33. Rc7+ Kd8 34. a7 Rxc1+ 35. Rxc1 Ra8 36. Bb6+ Ke8 37. Rc7 d5 38. Rb7 Bd6 39. Rxh7 Rc8 40. Rh8+ Bf8 41. Bc5 1-0

[Event "GRE-chT 48th"]
[Site "Athens"]
[Date "2021.09.08"]
[Round "2.2"]
[White "Loutragotis, Paraskevas Pantelei"]
[Black "Dallis, Ioannis"]
[Result "1/2-1/2"]
[WhiteElo "1894"]
[BlackElo "1303"]
[PlyCount "65"]
[EventDate "2021.09.07"]
[EventType "team-swiss"]
[EventRounds "7"]
[EventCountry "GRE"]
[SourceTitle "CBM 204 Extra"]
[Source "ChessBase"]
[SourceDate "2021.11.30"]
[SourceVersion "1"]
[SourceVersionDate "2021.11.30"]
[SourceQuality "1"]
[WhiteTeam "Zeenon Glyfathas"]
[BlackTeam "Panellinios GS"]
[WhiteTeamCountry "GRE"]
[BlackTeamCountry "GRE"]

1. e4 g6 2. d4 Bg7 3. c4 d6 4. Nc3 Nd7 5. Nf3 c5 6. d5 Ngf6 7. h3 0-0 8. Bd3 e6 9. 0-0 a6 10. Bf4 Ne8 11. Qd2 e5 12. Bh6 Nb6 13. a4 Bd7 14. g4 f5 15. Bg5 Qc7 16. a5 Nc8 17. gxf5 gxf5 18. exf5 Bxf5 19. Bxf5 Rxf5 20. Nh4 Rf7 21. Kh2 Ne7 22. Rg1 Nf5 23. Ne4 Qd7 24. Qd3 Kh8 25. Rg4 Nd4 26. Rag1 Nf6 27. Nxf6 Bxf6 28. Ng6+ hxg6 29. Rh4+ Kg7 30. Bh6+ Kh8 31. Bg5+ Kg7 32. Bh6+ Kh8 33. Bg5+ 1/2-1/2

[Event "Ef Agonizesthai rapid op 9th"]
[Site "Pyrgos"]
[Date "2019.08.18"]
[Round "7.3"]
[White "Loutragotis, Paraskevas Pantelei"]
[Black "Nikolaou, Georgios"]
[Result "0-1"]
[WhiteElo "1952"]
[BlackElo "2221"]
[PlyCount "114"]
[EventDate "2019.08.16"]
[EventType "swiss (rapid)"]
[EventRounds "9"]
[EventCountry "GRE"]
[SourceTitle "EXT 2020"]
[Source "ChessBase"]
[SourceDate "2019.10.17"]
[SourceVersion "1"]
[SourceVersionDate "2019.10.17"]
[SourceQuality "1"]

1. e4 c5 2. Nf3 e6 3. d4 cxd4 4. Nxd4 Nc6 5. Nc3 Qc7 6. Be3 Nf6 7. Qf3 a6 8. 0-0-0 Be7 9. Be2 0-0 10. g4 d6 11. Qg3 Nxd4 12. Bxd4 b5 13. g5 Nd7 14. h4 b4 15. Na4 Qa5 16. b3 Bb7 17. Bd3 Bc6 18. g6 fxg6 19. h5 Qg5+ 20. Qxg5 Bxg5+ 21. Kb1 gxh5 22. Rxh5 Bf4 23. Nb2 Ne5 24. Rdh1 h6 25. Rg1 Rf7 26. Bxe5 dxe5 27. Bc4 Rf6 28. f3 Bb5 29. Bxb5 axb5 30. Nd3 Be3 31. Rg3 Bd4 32. Nxb4 Kf7 33. Nc6 g5 34. Rgh3 Kg7 35. c3 Bxc3 36. f4 Bd4 37. Rg3 Rxf4 38. Rh1 Rc8 39. Nxd4 exd4 40. Re1 e5 41. Kb2 b4 42. Rg2 Kg6 43. a4 bxa3+ 44. Kxa3 Rf3 45. Rb2 g4 46. Ka4 h5 47. b4 h4 48. b5 g3 49. b6 h3 50. Kb5 g2 51. Rg1 Kg5 52. b7 Rb8 53. Kb6 Kf4 54. Kc7 Rxb7+ 55. Kxb7 Rf1 56. Rb1 Rxb1+ 57. Rxb1 h2 0-1

[Event "GRE-chT 46th"]
[Site "Rio Achaia"]
[Date "2018.07.11"]
[Round "2.9"]
[White "Loutragotis, Paraskevas Pantelei"]
[Black "Kartsidima, Aikaterini"]
[Result "1-0"]
[WhiteElo "1980"]
[BlackElo "1402"]
[PlyCount "39"]
[EventDate "2018.07.10"]
[EventType "team"]
[EventRounds "7"]
[EventCountry "GRE"]
[SourceTitle "CBM 185 Extra"]
[Source "ChessBase"]
[SourceDate "2018.07.29"]
[SourceVersion "1"]
[SourceVersionDate "2018.07.29"]
[SourceQuality "1"]
[WhiteTeam "Zone of Glyfada"]
[BlackTeam "So Thomas Georgiou"]
[WhiteTeamCountry "GRE"]
[BlackTeamCountry "GRE"]

1. e4 d6 2. d4 Nf6 3. Nc3 g6 4. f4 Bg7 5. Nf3 c6 6. Bd3 b5 7. e5 Nfd7 8. 0-0 0-0 9. Ne4 Nb6 10. Qe1 dxe5 11. fxe5 Nd5 12. Qh4 Nb4 13. Bh6 Nxd3 14. Neg5 Re8 15. cxd3 f6 16. Bxg7 fxg5 17. Nxg5 h5 18. Qe4 Bf5 19. Rxf5 gxf5 20. Qxf5 1-0

[Event "GRE-chT 45th"]
[Site "Achaia"]
[Date "2017.07.07"]
[Round "6.1"]
[White "Ioannidis, Evgenios"]
[Black "Loutragotis, Paraskevas Pantelei"]
[Result "1-0"]
[WhiteElo "2369"]
[BlackElo "1823"]
[PlyCount "53"]
[EventDate "2017.07.03"]
[EventType "team-swiss"]
[EventRounds "7"]
[EventCountry "GRE"]
[SourceTitle "CBM 179 Extra"]
[Source "ChessBase"]
[SourceDate "2017.08.23"]
[SourceVersion "1"]
[SourceVersionDate "2017.08.23"]
[SourceQuality "1"]
[WhiteTeam "Kavalas CN"]
[BlackTeam "Glyfadas Zenon"]
[WhiteTeamCountry "GRE"]
[BlackTeamCountry "GRE"]

1. d4 Nf6 2. c4 g6 3. Nf3 Bg7 4. g3 0-0 5. Bg2 d6 6. 0-0 Nc6 7. Nc3 a6 8. b3 Rb8 9. Bb2 b5 10. cxb5 axb5 11. Rc1 b4 12. Na4 Na7 13. Qd2 Ba6 14. Ne1 Bb7 15. Nd3 Bxg2 16. Kxg2 Ne4 17. Qe1 Qc8 18. f3 Ng5 19. Nxb4 Qh3+ 20. Kh1 Nb5 21. Nc6 f5 22. d5 f4 23. Bxg7 Kxg7 24. Nxb8 Nd4 25. Nc6 Nf5 26. gxf4 Nf7 27. e4 1-0

[Event "GRE-chT 45th"]
[Site "Achaia"]
[Date "2017.07.04"]
[Round "3.11"]
[White "Loutragotis, Paraskevas Pantelei"]
[Black "Trimitzios, Petros"]
[Result "1-0"]
[WhiteElo "1823"]
[BlackElo "2199"]
[PlyCount "101"]
[EventDate "2017.07.03"]
[EventType "team-swiss"]
[EventRounds "7"]
[EventCountry "GRE"]
[SourceTitle "CBM 179 Extra"]
[Source "ChessBase"]
[SourceDate "2017.08.23"]
[SourceVersion "1"]
[SourceVersionDate "2017.08.23"]
[SourceQuality "1"]
[WhiteTeam "Glyfadas Zenon"]
[BlackTeam "Papagou BC"]
[WhiteTeamCountry "GRE"]
[BlackTeamCountry "GRE"]

1. e4 e5 2. Nf3 Nc6 3. Bb5 a6 4. Ba4 Nf6 5. 0-0 b5 6. Bb3 Bb7 7. c3 Nxe4 8. Re1 Nc5 9. Bd5 Nd3 10. Re3 Nxc1 11. Nxe5 Nxe5 12. Rxe5+ Be7 13. Bxb7 Ra7 14. Be4 0-0 15. Qxc1 Bd6 16. Rh5 g6 17. Rh3 Qg5 18. Qe1 Bf4 19. g3 Re8 20. Rh4 Bd6 21. d3 f5 22. Bd5+ Kf8 23. Qd2 f4 24. Be4 Kg7 25. Na3 c6 26. Nc2 Bb8 27. Re1 Qf6 28. Rxf4 Bxf4 29. Qxf4 Qxf4 30. gxf4 Rf8 31. Nd4 c5 32. Ne2 d6 33. Kg2 Re7 34. Kf3 Kf6 35. Rg1 Rd8 36. Rg5 Ke6 37. Rd5 Rf7 38. h4 Rf5 39. c4 Rxd5 40. Bxd5+ Ke7 41. Kg4 b4 42. Ng3 Kf6 43. Ne4+ Kg7 44. f5 gxf5+ 45. Kxf5 Re8 46. f4 Kh6 47. Kg4 Kg7 48. f5 h6 49. f6+ Kf8 50. f7 Re5 51. Nf6 1-0

[Event "GRE-ch U16"]
[Site "Achaia"]
[Date "2017.06.27"]
[Round "3"]
[White "Argyropoulos, Theodoros"]
[Black "Loutragotis, Paraskevas Pantelei"]
[Result "0-1"]
[WhiteElo "1629"]
[BlackElo "1891"]
[PlyCount "66"]
[EventDate "2017.06.26"]
[EventType "swiss"]
[EventRounds "9"]
[EventCountry "GRE"]
[SourceTitle "CBM 179 Extra"]
[Source "ChessBase"]
[SourceDate "2017.08.23"]
[SourceVersion "1"]
[SourceVersionDate "2017.08.23"]
[SourceQuality "1"]

1. e4 c6 2. Nc3 d5 3. Nf3 Bg4 4. h3 Bxf3 5. Qxf3 e6 6. exd5 cxd5 7. d4 Nc6 8. Bb5 Bd6 9. Bd2 Nge7 10. g4 Ng6 11. g5 Qc7 12. h4 0-0-0 13. Bxc6 bxc6 14. Ne2 Rhf8 15. Qd3 f6 16. h5 Ne7 17. Qxh7 Nf5 18. gxf6 Rd7 19. Qg6 Rxf6 20. Qg4 c5 21. c3 Qb6 22. 0-0-0 Rb7 23. b3 Qa6 24. Kb2 cxd4 25. Nxd4 Qa3+ 26. Kb1 Nxd4 27. cxd4 Kb8 28. h6 Rxb3+ 29. axb3 Qxb3+ 30. Ka1 Qa3+ 31. Kb1 Rf7 32. Bc1 Rb7+ 33. Kc2 Qa2+ 0-1

[Event "Athens ChessSquare New Year"]
[Site "Athens"]
[Date "2017.01.07"]
[Round "8"]
[White "Poulos, Georgios"]
[Black "Loutragotis, Paraskevas Pantelei"]
[Result "0-1"]
[WhiteElo "2042"]
[BlackElo "1642"]
[PlyCount "58"]
[EventDate "2017.01.01"]
[EventType "swiss"]
[EventRounds "9"]
[EventCountry "GRE"]
[SourceTitle "EXT 2024"]
[Source "ChessBase"]
[SourceDate "2023.10.10"]
[SourceVersion "1"]
[SourceVersionDate "2023.10.10"]
[SourceQuality "1"]

1. e4 c5 2. Nf3 d6 3. d4 cxd4 4. Nxd4 Nf6 5. Nc3 a6 6. Bc4 e6 7. Bb3 Be7 8. g4 h6 9. Be3 Nbd7 10. Bxe6 fxe6 11. Nxe6 Qa5 12. Nxg7+ Kf7 13. Nf5 Ne5 14. f3 Bxf5 15. exf5 Rhc8 16. Qe2 h5 17. g5 Rxc3 18. bxc3 Qxc3+ 19. Kf2 Neg4+ 20. fxg4 Nxg4+ 21. Kg3 Bxg5 22. Qf3 Nxe3 23. Qxb7+ Kf6 24. Qf3 Re8 25. Kh3 Qd4 26. Qxh5 Nxf5 27. Qxe8 Qh4+ 28. Kg2 Ne3+ 29. Kf3 Qg4+ 0-1

[Event "Athens ChessSquare New Year"]
[Site "Athens"]
[Date "2017.01.01"]
[Round "1"]
[White "Kotronias, Vasilios"]
[Black "Loutragotis, Paraskevas Pantelei"]
[Result "1-0"]
[WhiteElo "2518"]
[BlackElo "1692"]
[PlyCount "57"]
[EventDate "2017.01.01"]
[EventType "swiss"]
[EventRounds "9"]
[EventCountry "GRE"]
[SourceTitle "EXT 2024"]
[Source "ChessBase"]
[SourceDate "2023.10.10"]
[SourceVersion "1"]
[SourceVersionDate "2023.10.10"]
[SourceQuality "1"]

1. e4 c5 2. Nf3 d6 3. d4 cxd4 4. Nxd4 Nf6 5. Nc3 a6 6. h3 e5 7. Nde2 h5 8. Bg5 Be7 9. Bxf6 Bxf6 10. Nd5 Bg5 11. Nec3 Be6 12. Bc4 Nd7 13. b4 Rc8 14. Bb3 h4 15. 0-0 Bf4 16. Ne2 Qg5 17. Ndxf4 exf4 18. Bxe6 fxe6 19. Nd4 Qg6 20. Nf3 Ke7 21. Qd2 Ne5 22. Qxf4 Nxf3+ 23. Qxf3 Rxc2 24. Rad1 Rhc8 25. Qf4 R8c6 26. Qxh4+ Qf6 27. Qg3 Rxa2 28. Rxd6 Rcc2 29. e5 1-0

[Event "GRE-ch U14"]
[Site "Porto Rio"]
[Date "2016.06.30"]
[Round "4"]
[White "Loutragotis, Paraskevas Pantelei"]
[Black "Loukopoulos, Panagiotis Athanasi"]
[Result "1-0"]
[WhiteElo "1627"]
[BlackElo "1847"]
[PlyCount "30"]
[EventDate "2016.06.28"]
[EventType "swiss"]
[EventRounds "9"]
[EventCountry "GRE"]
[SourceTitle "CBM 173 Extra"]
[Source "ChessBase"]
[SourceDate "2016.08.29"]
[SourceVersion "1"]
[SourceVersionDate "2016.08.29"]
[SourceQuality "1"]

1. e4 c5 2. Nf3 e6 3. d4 cxd4 4. Nxd4 a6 5. Be2 Nf6 6. Nc3 Qc7 7. 0-0 Bc5 8. Be3 0-0 9. Qd2 d6 10. Rad1 b5 11. Bf3 Bb7 12. e5 Bxf3 13. exf6 Bxd1 14. Nf5 gxf6 15. Nd5 exf5 1-0

[Event "NED-ch U15"]
[Site "Rotterdam"]
[Date "2015.05.09"]
[Round "9"]
[White "Van Dael, Siem"]
[Black "Loutragotis, Paraskevas Pantelei"]
[Result "1/2-1/2"]
[WhiteElo "1813"]
[BlackElo "1562"]
[PlyCount "158"]
[EventDate "2015.05.02"]
[EventType "swiss"]
[EventRounds "9"]
[EventCountry "NED"]
[SourceTitle "EXT 2016"]
[Source "ChessBase"]
[SourceDate "2015.10.08"]
[SourceVersion "1"]
[SourceVersionDate "2015.10.08"]
[SourceQuality "1"]

1. e4 e5 2. Nf3 Nc6 3. Bc4 Bc5 4. Nc3 Nf6 5. d3 d6 6. 0-0 Na5 7. Bb3 c6 8. d4 Nxb3 9. axb3 exd4 10. Nxd4 0-0 11. Bg5 h6 12. Bh4 g5 13. Bg3 Re8 14. Re1 Bb4 15. f3 Nh5 16. Bf2 Nf4 17. Nde2 Qf6 18. Nxf4 gxf4 19. Qd3 Qg6 20. Kh1 Re5 21. Qd2 Bd7 22. Qxf4 Rae8 23. Rxa7 Bc8 24. g4 d5 25. Ra8 Bd6 26. Qd2 Kh7 27. Bg3 Bxg4 28. fxg4 Rxa8 29. Bxe5 Bxe5 30. exd5 Bxc3 31. bxc3 Qxg4 32. Qd3+ Qg6 33. Qxg6+ Kxg6 34. d6 Rd8 35. Rd1 Kf6 36. c4 c5 37. Rd5 b6 38. Kg2 Ke6 39. Rh5 Rg8+ 40. Kf3 Rg6 41. Rd5 Kd7 42. Kf4 Rg2 43. Rh5 Rg6 44. Rf5 Kxd6 45. Rxf7 h5 46. Kf3 Rg1 47. Rf6+ Kc7 48. Rh6 Rc1 49. Rxh5 Rxc2 50. Rh3 b5 51. cxb5 Kb6 52. Rh8 Kxb5 53. Rb8+ Ka5 54. h4 c4 55. b4+ Ka4 56. b5 c3 57. b6 Kb5 58. Kg3 Rc1 59. Kg4 Rg1+ 60. Kh5 c2 61. Rc8 Kxb6 62. Rxc2 Rg8 63. Kh6 Rh8+ 64. Kg5 Rg8+ 65. Kf6 Rh8 66. Rc4 Kb5 67. Rg4 Kc6 68. Kg7 Rh5 69. Kg6 Rh8 70. h5 Kd6 71. Re4 Rg8+ 72. Kh7 Rg5 73. h6 Kd7 74. Kh8 Kd8 75. h7 Kd7 76. Ra4 Ke7 77. Ra8 Kf7 78. Rg8 Rh5 79. Rg4 Rf5 1/2-1/2

[Event "Maastricht Limburg op-C 8th"]
[Site "Maastricht"]
[Date "2014.06.09"]
[Round "7"]
[White "Loutragotis, Paraskevas Pantelei"]
[Black "Lennartz, Ludwig"]
[Result "0-1"]
[WhiteElo "1570"]
[BlackElo "1511"]
[PlyCount "84"]
[EventDate "2014.06.06"]
[EventType "swiss"]
[EventRounds "7"]
[EventCountry "NED"]
[SourceTitle "EXT 2015"]
[Source "ChessBase"]
[SourceDate "2014.11.20"]
[SourceVersion "1"]
[SourceVersionDate "2014.11.20"]
[SourceQuality "1"]

1. d4 Nf6 2. c4 g6 3. Nc3 Bg7 4. e4 d6 5. Nf3 0-0 6. Be2 e5 7. 0-0 Nc6 8. d5 Ne7 9. b4 Ne8 10. Ba3 a6 11. c5 f5 12. Nd2 f4 13. Nc4 Rf6 14. Rc1 g5 15. cxd6 cxd6 16. Na4 b5 17. Ncb6 Rb8 18. Nxc8 Rxc8 19. Nc3 Rg6 20. Bh5 Rh6 21. Bg4 Rc4 22. Qd3 Nf6 23. Be6+ Kh8 24. Nb1 Rd4 25. Qb3 g4 26. Rc2 g3 27. fxg3 Qb6 28. Rc5 Nxe4 29. Rfc1 dxc5 30. bxc5 Qa5 31. d6 Nc6 32. Bd5 fxg3 33. Bxe4 Rxe4 34. Nc3 gxh2+ 35. Kh1 Rc4 36. Bb2 Qd8 37. Nd5 Nd4 38. Qd1 Rxc1 39. Qxc1 Qh4 40. Bxd4 Qxd4 41. c6 Qg1+ 42. Qxg1 hxg1Q+ 0-1